000
00316pab a2200145 454500
008
180718b1998 xxu||||| |||| 00| 0 eng d
100
_a
Giri, Dusmanta Kumar
245
_a
Verdict 1998
260
_c
1998
300
_a
p.15-17
362
_a
28 Mar
650
_a
Elections
773
_a
Mainstream
909
_a
37125
999
_c
37125
_d
37125